000 00712nam a2200157 a 4500
008 091201s1982 ||||||||||||||||| || u
050 _aUNZA-ERB(02)
100 _aWaddimba, E. K
245 1 0 _aMaximizing resource utilization in African institutions of higher learning: the case of the University of Zambia, Lusaka
260 _aLusaka
_bUniversity of Zambia Educational Research Bureau
_c1982
300 _avi, 189p.
350 _a0.00
650 _aUNIVERSITY OF ZAMBIA--MANAGEMENT
710 _aUniversity of Zambia. Educational Research Bureau
995 _D0.00
_FCBU-MAIN LIBRARY (Kitwe)
_H1
_I0.00
_M1
_UAVAILABLE
_WDec 1, 2009
_ZZambiana Collection
999 _c50775
_d50775